[Event "Dreifluesse op"]
[Site "Passau"]
[Date "1998.04.11"]
[Round "4"]
[White "Kleehammer, Otto"]
[Black "Aldag, Thomas"]
[Result "1/2-1/2"]
[WhiteElo "1676"]
[BlackElo "1977"]

1.e4 c5 2.c3 Nf6 3.d3 Nc6 4.Nf3 d6 5.g3 e5 6.Bg2 Be7 7.O-O O-O 8.Nbd2 Bd7
9.Re1 Qc8 10.Nf1 b5 11.Ne3 Rb8 12.a3 a5 13.Nd5 Nxd5 14.exd5 Na7 15.Bg5 Bxg5
16.Nxg5 f6 17.Ne4 Qc7 18.Qh5 Rbe8 19.Nd2 Nc8 20.Be4 f5 21.Bg2 Rf6 22.f4 c4
23.fxe5 dxe5 24.dxc4 bxc4 25.Kh1 e4 26.Nf1 Re5 27.Qd1 Nb6 28.Ne3 Rh6 29.Bf1 f4
30.Ng4 Bxg4 31.Qxg4 Reh5 32.h3 Nxd5 33.Rxe4 Nf6 34.Qe6+ Kf8 35.Rxc4 Qb7+
36.Kg1 Qa7+ 37.Kg2 Qb7+ 38.Kg1 Qa7+  1/2-1/2

[Event "Dreifluesse op"]
[Site "Passau"]
[Date "1998.04.12"]
[Round "6"]
[White "Holzner, Stefan"]
[Black "Hablizel, Frank"]
[Result "1/2-1/2"]
[WhiteElo "1894"]
[BlackElo "2085"]

1.e4 c5 2.c3 Nf6 3.e5 Nd5 4.d4 cxd4 5.cxd4 b6 6.Bc4 Bb7 7.Nf3 e6 8.O-O Be7
9.Nc3 Nxc3 10.bxc3 Qc7 11.Qd3 Nc6 12.Bd2 O-O 13.Bb3 d6 14.Bc2 g6 15.Bh6 Rfe8
16.exd6  1/2-1/2

[Event "Dreifluesse op"]
[Site "Passau"]
[Date "1998.04.12"]
[Round "6"]
[White "Schaper, Bjoern"]
[Black "Braun, Christian"]
[Result "0-1"]
[WhiteElo "2010"]
[BlackElo "2195"]

1.e4 c5 2.c3 Nf6 3.e5 Nd5 4.d4 cxd4 5.cxd4 e6 6.Nf3 b6 7.Bd2 Bb7 8.Nc3 Nxc3
9.Bxc3 d6 10.Be2 Nd7 11.a3 Be7 12.O-O O-O 13.Kh1 Rc8 14.Qd2 dxe5 15.dxe5 Nc5
16.Qe3 Nb3 17.Rad1 Bd5 18.Nd4 Nxd4 19.Bxd4 Qd7 20.Bf3 Rfd8 21.Bc3 Qc6 22.Bxd5 Rxd5
23.Rxd5 Qxd5 24.Rc1 Rd8 25.Kg1 h6 26.h3 Bg5 27.f4 Be7 28.Qe2 Bc5+ 29.Kf1 Qb3
30.Ke1 g6 31.Rd1 Bf2+ 32.Kxf2 Qxd1 33.Qxd1 Rxd1 34.Ke2 Rd5 35.g3 Kf8 36.Ke3 Ke7
37.Bb4+ Kd7 38.a4 Kc6 39.Ke4 Rd1 40.Be7 Rg1 41.Kf3 Kd5 42.Kf2 Rb1 43.Ba3 Ke4
44.h4 Rc1  0-1

[Event "Vecernjakov GP"]
[Site "Sarajevo"]
[Date "1998.04.12"]
[Round "11"]
[White "Nurkic, Sahbaz"]
[Black "Sax, Gyula"]
[Result "0-1"]
[WhiteElo "2460"]
[BlackElo "2535"]

1.e4 c5 2.c3 Nf6 3.e5 Nd5 4.d4 cxd4 5.Nf3 e6 6.cxd4 b6 7.Nc3 Nxc3 8.bxc3 Qc7
9.Bd2 d6 10.Bd3 Bb7 11.O-O Nd7 12.Ng5 dxe5 13.Qh5 g6 14.Qh3 Be7 15.Rae1 Bd5
16.dxe5 Nxe5 17.Bb5+ Kf8 18.c4 Nxc4 19.Qh6+ Kg8 20.Bc3 e5 21.Bxc4 Qxc4 22.Bxe5 f6
23.Ba1 Qg4 24.Ne4 Kf7 25.f3 Qh5 26.Qe3 Bxe4 27.Qxe4 Rhe8 28.Qe6+ Kf8 29.Kh1 Rad8
30.Rd1 Qf5 31.Qc6 Rxd1 32.Rxd1 Rd8 33.Re1 Qd7 34.Qe4 Kf7 35.Qh4 h5 36.Qf4 Qe6
37.Qc1 Rc8 38.Qd2 Rd8 39.Qc1 Rc8 40.Qd2 Qd6 41.Qh6 Bf8 42.Qh8 Qe6 43.Rd1 Bg7  0-1

[Event "Metz op"]
[Site "Metz"]
[Date "1998.04.13"]
[Round "9"]
[White "Scavo, Fernando"]
[Black "Dumitrescu, Dragos"]
[Result "0-1"]
[WhiteElo "2255"]
[BlackElo "2400"]

1.e4 c5 2.c3 Nf6 3.e5 Nd5 4.d4 cxd4 5.Nf3 Nc6 6.cxd4 d6 7.Bc4 Nb6 8.Bb5 dxe5
9.Nxe5 Bd7 10.Nxd7 Qxd7 11.Nc3 e6 12.Be3 Be7 13.Qg4 O-O 14.O-O f5 15.Qh5 a6
16.Bd3 Nxd4 17.Rad1 Bf6 18.Bb1 Rad8 19.Bxd4 Bxd4 20.Ne2 Qa4 21.b3 Qb4 22.Qh4 Bc5
23.Qxd8 Rxd8 24.Rxd8+ Kf7 25.Rd3 Nd5 26.Rc1 b5 27.Rcd1 Kf6 28.Nd4 Nc3 29.a3 Qxa3
30.Rxc3 Bxd4 31.Rcd3 e5 32.Rf3 g6 33.g4 f4 34.Be4 Qc5 35.Kg2 Kg5 36.h4+ Kxg4
37.Rg1 Kh5 38.Rh1 a5 39.Rd3 Qc8 40.Bf3+ Kh6 41.Be4 Qg4+ 42.Kh2 Bxf2  0-1

[Event "GRE-chT"]
[Site "Poros"]
[Date "1998.04.21"]
[Round "2"]
[White "Kouvatsou, Maria"]
[Black "Petraki, Maria"]
[Result "1-0"]
[WhiteElo "2135"]
[BlackElo "2120"]

1.e4 c5 2.c3 Nf6 3.e5 Nd5 4.d4 cxd4 5.Nf3 Nc6 6.Bc4 Nb6 7.Bb3 g6 8.cxd4 Bg7
9.Bf4 d6 10.exd6 O-O 11.O-O exd6 12.h3 d5 13.Nc3 a6 14.Re1 h6 15.Ne5 Na5
16.Qf3 Nxb3 17.axb3 Qf6 18.Re2 g5 19.Bg3 Qxf3 20.Nxf3 g4 21.hxg4 Bxg4 22.Re7 Bxf3
23.gxf3 Bxd4 24.Rxb7 Bc5 25.b4 Bd4 26.Rd1 Bxc3 27.bxc3 Na4 28.Be5 Rfd8 29.Kh2 Kh7
30.Rg1  1-0

[Event "GRE-chT"]
[Site "Poros"]
[Date "1998.04.21"]
[Round "3"]
[White "Tzoumbas, Anastasios"]
[Black "Rychagov, Andrei"]
[Result "1/2-1/2"]
[WhiteElo "2380"]
[BlackElo "2495"]

1.e4 c5 2.c3 Nf6 3.e5 Nd5 4.d4 cxd4 5.Nf3 Nc6 6.Bc4 Nb6 7.Bb3 g6 8.O-O Bg7
9.Bf4 O-O 10.cxd4 d5 11.exd6 Bg4 12.Nc3 exd6 13.h3 Qf6 14.hxg4 Qxf4 15.g5 Nxd4
16.Nxd4 Qxd4 17.Qf3 Qh4 18.Qxb7 Qxg5 19.Rad1 Be5 20.Rd3 Qd8 21.f4 Bxc3 22.bxc3 Qc8
23.Qf3 Nd7 24.Rxd6 Qc5+ 25.Rd4 Nf6 26.f5 g5 27.Qg3 h6 28.Qd6 Qxd6 29.Rxd6 Kg7
30.Ra6 Rfe8 31.Rd1 Re5 32.Rf1 h5 33.c4 h4 34.Rc6 Rd8 35.c5 Rd2 36.Bd1 Re3
37.Rd6 Rxd6 38.cxd6 Rd3  1/2-1/2

[Event "Serbian-ch 29th"]
[Site "Sabac"]
[Date "1998.04.25"]
[Round "6"]
[White "Markovic, Miroslav"]
[Black "Solak, Dragan"]
[Result "1-0"]
[WhiteElo "2540"]
[BlackElo "2380"]

1.e4 c5 2.c3 Nf6 3.e5 Nd5 4.d4 cxd4 5.Nf3 e6 6.cxd4 b6 7.Bd3 Ba6 8.Nc3 Nxc3
9.bxc3 Qc8 10.Bxa6 Qxa6 11.Ng5 Qb7 12.Qg4 d6 13.exd6 Bxd6 14.O-O Be7 15.Ne4 Kf8
16.Qf4 Nd7 17.a4 Nf6 18.Nxf6 Bxf6 19.a5 bxa5 20.Ba3+ Kg8 21.Rfb1 Qc8 22.Rb5 h6
23.Bc5 Bd8 24.Rab1 Qc6 25.Rb7 Bf6 26.Rc7 g5 27.Rxc6 gxf4 28.Ra6 Kg7 29.Rxa5 Rhb8
30.Rc1 a6 31.Bd6 Rb5 32.Ra4 Rf5 33.f3 Rc8 34.Kf1 Rd5 35.Bxf4 a5 36.Be3 Rb5
37.c4 Rb3 38.Bf2 Bg5 39.Rd1 Rb4 40.Rxb4 axb4 41.h4 Bf6 42.c5 Ra8 43.Rb1 Ra4
44.Rb2 e5 45.d5 e4 46.Rb1 exf3 47.gxf3 Be5 48.Be1 Bc3 49.c6 Kf6 50.c7 Ra8
51.Bxc3+ bxc3 52.Re1  1-0

[Event "GRE-chT"]
[Site "Poros"]
[Date "1998.04.26"]
[Round "9"]
[White "Fanouraki, Niki"]
[Black "Fakhiridou, Ekaterini"]
[Result "0-1"]
[WhiteElo "2040"]
[BlackElo "2225"]

1.e4 c5 2.c3 Nf6 3.e5 Nd5 4.g3 d6 5.exd6 Qxd6 6.Bg2 Nc6 7.Ne2 e5 8.O-O Nb6
9.f4 c4 10.b3 Qc7 11.bxc4 Nxc4 12.fxe5 N6xe5 13.d4 Ng6 14.Qb3 Na5 15.Qc2 Bd6
16.Nd2 O-O 17.Ne4 Be6 18.Nxd6 Qxd6 19.Nf4 Bc4 20.Re1 Rac8 21.Nxg6 hxg6 22.Qa4 Qa6
23.Re5 b5 24.Qa3 Rfe8 25.Bf4 Qb6 26.Rae1 Rxe5 27.Rxe5 Be6 28.Re1 Re8 29.Qb2 Nc4
30.Qf2 Rd8 31.h3 Qa5 32.Rc1 b4 33.cxb4 Qxb4 34.Kh2 Nb6 35.Be3 Nd5 36.Bxd5 Bxd5
37.Rd1 a5 38.Qd2 Qa4  0-1

[Event "SVR-chB"]
[Site "Nickenich"]
[Date "1998.04.??"]
[Round "?"]
[White "Becher, Helmut"]
[Black "Daumen, Michael"]
[Result "1-0"]
[WhiteElo "2005"]
[BlackElo "1930"]

1.e4 c5 2.c3 Nf6 3.e5 Nd5 4.d4 cxd4 5.Nf3 Nc6 6.Bc4 Nb6 7.Bb3 d5 8.exd6 Qxd6
9.O-O Bf5 10.Nxd4 Nxd4 11.cxd4 e6 12.Nc3 Be7 13.Qf3 O-O 14.d5 Bf6 15.dxe6 Bxc3
16.Qxf5 Be5 17.exf7+ Kh8 18.Rd1 Qf6 19.Qxf6 Bxf6 20.Be3 Bxb2 21.Rab1 Ba3
22.h4 h6 23.g4 Rfd8 24.g5 Bf8 25.Bd4 Rd6 26.Kg2 Rad8 27.Be3 Nd5 28.Rxd5  1-0

[Event "SVR-op"]
[Site "Nickenich"]
[Date "1998.04.??"]
[Round "7"]
[White "Stahl, Michael"]
[Black "Jazayeri, Pouyan"]
[Result "1/2-1/2"]
[WhiteElo "2050"]
[BlackElo "1800"]

1.e4 c5 2.c3 Nf6 3.e5 Nd5 4.d4 d6 5.Nf3 Bf5 6.Qb3 Nb6 7.dxc5 dxc5 8.Bb5+ Nc6
9.O-O e6 10.Bg5 Be7 11.Rd1 Qc7 12.Bxe7 Qxe7 13.Bxc6+ bxc6 14.Rd6 O-O 15.Nbd2 Rac8
16.Qa3 Nd7 17.Qxa7 Rfd8 18.Nc4 Be4 19.Rad1 Bxf3 20.gxf3 Qg5+ 21.Kf1 Nf8 22.Rxd8 Rxd8
23.Rxd8 Qxd8 24.Qxc5 Qd3+ 25.Ke1 Qxf3 26.a4 Ng6 27.Qd4 h6 28.Kd2 Nf4 29.Kc2 Qe2+
30.Kb3 Nd3 31.a5 Qd1+ 32.Ka3 Qa1+ 33.Kb3 Qd1+ 34.Ka2 Nc1+ 35.Kb1 Nd3+ 36.Ka2 Nc1+
37.Kb1  1/2-1/2

[Event "Presidents Cup"]
[Site "Elista"]
[Date "1998.05.08"]
[Round "1.2"]
[White "Erendzenov, Stanislav"]
[Black "Sakaev, Konstantin"]
[Result "0-1"]
[WhiteElo "2370"]
[BlackElo "2620"]

1.e4 c5 2.c3 Nf6 3.e5 Nd5 4.d4 cxd4 5.Nf3 Nc6 6.Bc4 Nb6 7.Bb3 d5 8.exd6 Qxd6
9.O-O Be6 10.Bxe6 Qxe6 11.Nxd4 Nxd4 12.Qxd4 Rd8 13.Qh4 Qc4 14.Qxc4 Nxc4 15.b3 Ne5
16.Be3 a6 17.c4 Rd3 18.h3 e6 19.Nd2 Be7 20.Ne4 f5 21.Nd2 Kf7 22.Rfd1 Rhd8
23.Kf1 Nc6 24.a3 e5 25.Ke2 e4 26.Ra2 R8d7 27.Rc1 g5 28.g3 Nd4+ 29.Bxd4 R7xd4
30.c5 f4 31.gxf4 gxf4 32.Rc4 Rxc4 33.Nxc4 Ke6 34.b4 f3+ 35.Ke1 Bf6 36.Nd2 Bc3
37.Rc2 Kf5 38.Kd1 e3 39.fxe3 f2 40.Ke2 Rxd2+ 41.Rxd2 Bxd2 42.Kxf2  0-1

[Event "FRA-chT"]
[Site "FRA"]
[Date "1998.05.09"]
[Round "9"]
[White "Rainfray, Arnaud"]
[Black "Laclau, Daniel"]
[Result "0-1"]
[WhiteElo "2270"]
[BlackElo "2290"]

1.e4 c5 2.c3 Nf6 3.e5 Nd5 4.d4 cxd4 5.Nf3 e6 6.cxd4 b6 7.Nc3 Nxc3 8.bxc3 Qc7
9.Bd2 Be7 10.Bd3 Ba6 11.Bxa6 Nxa6 12.Qe2 Qb7 13.O-O O-O 14.Bg5 f6 15.Bh4 Rac8
16.Rac1 Rf7 17.Nd2 Ba3 18.Rcd1 f5 19.Qd3 Nc7 20.c4 Qa6 21.Nb1 Bf8 22.Nc3 h6
23.f3 Bb4 24.Nb5 Nxb5 25.cxb5 Qxa2 26.Rc1 Rff8 27.Bf2 Qd5 28.Rfd1 Be7 29.Be3 Kf7
30.Rb1 Rc7 31.Qb3 Rfc8 32.Qxd5 exd5 33.Ra1 Ke6 34.Ra2 Rc3 35.Bf2 R8c7 36.g3 Rxf3
37.Rda1 Rb3 38.Rxa7 Rxa7 39.Rxa7 Rxb5 40.Ra8 d6 41.Rg8 dxe5 42.Rxg7 Bf6 43.Rh7 exd4
44.Rxh6 d3 45.Be3 Kf7 46.Kf2 Rb1 47.Rh5 Rb2+ 48.Kf3 d4 49.Bf4 d2 50.Ke2 d3+  0-1

[Event "FRA-chT"]
[Site "FRA"]
[Date "1998.05.11"]
[Round "11"]
[White "Godena, Michele"]
[Black "Berend, Fred"]
[Result "1-0"]
[WhiteElo "2500"]
[BlackElo "2350"]

1.e4 c5 2.c3 Nf6 3.e5 Nd5 4.Nf3 b6 5.d4 cxd4 6.cxd4 e6 7.Bd3 Ba6 8.O-O Be7
9.Nc3 Nxc3 10.bxc3 Bxd3 11.Qxd3 d5 12.exd6 Qxd6 13.Ba3 Qc7 14.Bxe7 Kxe7 15.Rad1 Kf8
16.d5 exd5 17.Qxd5 Nc6 18.Nd4  1-0

[Event "FRA-chT"]
[Site "FRA"]
[Date "1998.05.11"]
[Round "11"]
[White "Beikert, Guenther"]
[Black "Van Wely, Loek"]
[Result "0-1"]
[WhiteElo "2495"]
[BlackElo "2605"]

1.e4 c5 2.c3 Nf6 3.e5 Nd5 4.d4 cxd4 5.Nf3 e6 6.cxd4 b6 7.Nc3 Nxc3 8.bxc3 Qc7
9.Bd2 d6 10.Bd3 Nd7 11.O-O Bb7 12.Ng5 dxe5 13.Qh5 g6 14.Qh3 Be7 15.f4 Bxg5
16.fxg5 O-O 17.Rae1 Rad8 18.Re3 Nc5 19.Qg3 Nxd3 20.Rxd3 Ba6  0-1

[Event "Toronto op"]
[Site "Toronto"]
[Date "1998.05.15"]
[Round "2"]
[White "Rozentalis, Eduardas"]
[Black "Vucic, Mladen"]
[Result "1-0"]
[WhiteElo "2610"]
[BlackElo "2365"]

1.e4 c5 2.c3 Nf6 3.e5 Nd5 4.Nf3 e6 5.Bc4 d6 6.O-O Be7 7.d4 cxd4 8.cxd4 O-O
9.Qe2 Nc6 10.Rd1 a6 11.a3 b5 12.Bd3 Bb7 13.Qe4 g6 14.Bh6 Re8 15.h4 Nxe5 16.dxe5 Nc3
17.Qxb7 Nxd1 18.Qe4 Nxb2 19.Bf1 dxe5 20.Ra2 f5 21.Qc6 Qd5 22.Qxd5 exd5 23.Rxb2 e4
24.Ng5 Bf6 25.Rb3 Rac8 26.a4 bxa4 27.Rb6 Bxg5 28.Bxg5 Rb8 29.Rxb8 Rxb8 30.Nc3 a3
31.Bf6 a2 32.Nxa2 Kf7 33.Bd4 Rb1 34.Nc3 Rc1 35.Nxd5 Rd1 36.Be3 Rxd5 37.Bc4 Ke6
38.Bf4 h6 39.g3 g5 40.hxg5 hxg5 41.Bb8 a5 42.Kf1 a4 43.Ke2 f4 44.gxf4 gxf4
45.Ba2  1-0

[Event "Garcia mem Masters"]
[Site "Santa Clara"]
[Date "1998.05.24"]
[Round "1"]
[White "Perez, Luis Manuel"]
[Black "Gongora, Maikel"]
[Result "1/2-1/2"]
[WhiteElo "2310"]
[BlackElo "2340"]

1.e4 c5 2.c3 Nf6 3.e5 Nd5 4.d4 cxd4 5.Nf3 d6 6.exd6 Qxd6 7.Nxd4 a6 8.Be2 e5
9.Nf3 Nc6 10.O-O Nc7 11.Nbd2 Be6 12.Nc4 Qxd1 13.Rxd1 f6 14.Nb6 Rd8 15.Rxd8+ Nxd8
16.Be3 Nd5 17.Nxd5 Bxd5 18.Nd2 Ne6 19.Nb3 Bd6 20.c4 Be4 21.f3 Bc6 22.Na5 Nd4
23.Bxd4 exd4 24.Bd3 Kd7 25.Rd1 Bf4 26.Nb3 Be3+ 27.Kf1 Kd6 28.Bc2 Ke5 29.Nxd4 Bxd4
30.f4+ Kxf4 31.Rxd4+ Ke5 32.Rd2 f5 33.Kf2 a5 34.Bd1 Rc8 35.b3 Ke6 36.Bf3 a4
37.Bd5+ Kf6 38.Kf3 axb3 39.axb3 Rd8 40.h4 Bxd5+ 41.cxd5 Rd6 42.Kf4 g6 43.g4 fxg4
44.Kxg4 h6 45.Kf4 g5+ 46.hxg5+ hxg5+ 47.Ke4 g4 48.Rf2+ Ke7 49.Rg2 Rg6 50.Kf5 Rg7
51.Rxg4 Rxg4 52.Kxg4 Kd6  1/2-1/2

[Event "Brazilian City Cup 2nd"]
[Site "Brasilia"]
[Date "1998.05.25"]
[Round "6"]
[White "De Andrade, Waldomido"]
[Black "Rocha, Wellington Carlos"]
[Result "0-1"]
[WhiteElo "2250"]
[BlackElo "2325"]

1.e4 c5 2.c3 Nf6 3.e5 Nd5 4.d4 cxd4 5.Nf3 e6 6.cxd4 b6 7.Nc3 Nxc3 8.bxc3 Qc7
9.Bd2 d6 10.Bd3 Bb7 11.O-O Nd7 12.Re1 dxe5 13.Nxe5 Nxe5 14.Rxe5 Bd6 15.Bb5+ Bc6
16.Qf3 Rc8 17.Qxc6+ Qxc6 18.Bxc6+ Rxc6 19.Rb5 Kd7 20.a4 a6 21.Rb3 Bc7 22.Kf1 Rc8
23.Ke2 Bd8 24.Kd3 Kd6 25.Re1 f6 26.g4 Kd5 27.g5 Rc4 28.gxf6 gxf6 29.Rg1 Rxa4
30.Rg7 Rc7 31.Rg8 Rd7 32.Rb1 e5 33.dxe5 Kxe5+ 34.Ke2 Ra2 35.Rd1 Bc7 36.Ke1 Kf5
37.Be3 Rxd1+ 38.Kxd1 Bxh2 39.Bxb6 Bf4 40.c4 Rd2+ 41.Ke1 Ke4 42.c5 Kf3 43.Bc7 Re2+  0-1

[Event "Warsaw-ch"]
[Site "Warsaw"]
[Date "1998.05.27"]
[Round "5"]
[White "Krysztofiak, Marcin"]
[Black "Witkowski, Stefan"]
[Result "1/2-1/2"]
[WhiteElo "2050"]
[BlackElo "2250"]

1.e4 c5 2.c3 Nf6 3.e5 Nd5 4.d4 cxd4 5.Qxd4 Nc7 6.Nf3 Nc6 7.Qe4 g6 8.Bf4 Bg7
9.Nbd2 Ne6 10.Bg3 b6 11.Bc4 Bb7 12.Qe2 Bh6 13.Bxe6 dxe6 14.Rd1 Qc7 15.O-O O-O
16.h4 Rfd8 17.Rfe1 Rd5 18.Ne4 Rad8 19.Rxd5 Rxd5 20.Neg5 Na5 21.Nd4 Bxg5 22.hxg5 Qd7
23.f4 Nc6 24.Bf2 Nxd4  1/2-1/2

[Event "Garcia mem Masters"]
[Site "Santa Clara"]
[Date "1998.05.28"]
[Round "4"]
[White "Perez, Luis Manuel"]
[Black "Garcia, Osmel"]
[Result "1-0"]
[WhiteElo "2310"]
[BlackElo "2335"]

1.e4 c5 2.c3 Nf6 3.e5 Nd5 4.d4 cxd4 5.Nf3 e6 6.cxd4 d6 7.Nc3 Nxc3 8.bxc3 Nc6
9.exd6 Bxd6 10.Bd3 Qa5 11.O-O Qxc3 12.Rb1 Qa5 13.Rb5 Qc7 14.d5 a6 15.Rb3 exd5
16.Re1+ Be6 17.Bb2 O-O-O 18.Bxg7 Rhg8 19.Bf6 Be7 20.Bxe7 Qxe7 21.Qc2 Qc7
22.Reb1 Na5 23.Rc3 Nc4 24.Bxh7 Rg7 25.g3 d4 26.Rcb3 Nd6 27.R3b2 Qxc2 28.Rxc2+ Kb8
29.Bd3 Nb5 30.Rb4 Bd5 31.Nxd4 Rg4 32.Bxb5 axb5 33.f4 Be4 34.Rd2 Rgg8 35.Rxb5 Rd6
36.Re5 f5 37.Kf2 Rc8 38.Nb3 Rdc6 39.g4 Rc3 40.Nd4 Bb1 41.gxf5 Rh8 42.Nf3 Rh3
43.Re3 Rxe3 44.Kxe3 Bxf5 45.Rg2 Be6 46.Ke4 Rh5 47.Ng5 Bd7 48.Ke5 Bc6 49.Rb2 Kc7
50.Kf6 Rh6+ 51.Kg7 Rh5 52.Kg6 Be8+ 53.Kf6 Rh8 54.f5 Bd7 55.Ne6+ Kc8 56.Rc2+ Kb8
57.Ke5 Rh3 58.Kd6 Rd3+ 59.Ke7 Bc8 60.h4 Rd7+ 61.Kf6 Rh7 62.Rh2 Bd7 63.Nf8 Bxf5
64.Nxh7  1-0

[Event "Givataim 30'"]
[Site "Givataim"]
[Date "1998.05.30"]
[Round "7"]
[White "Golod, Vitali"]
[Black "Tsesarsky, Ilya"]
[Result "0-1"]
[WhiteElo "2535"]
[BlackElo "2425"]

1.e4 c5 2.c3 Nf6 3.e5 Nd5 4.Nf3 Nc6 5.d4 cxd4 6.cxd4 d6 7.Bc4 Nb6 8.Bb5 dxe5
9.Nxe5 Bd7 10.Nc3 Nxe5 11.dxe5 Bxb5 12.Nxb5 Qxd1+ 13.Kxd1 Nd5 14.Ke2 a6 15.Rd1 O-O-O
16.Nd4 e6 17.Bg5 Rd7 18.Rac1+ Kb8 19.Nb3 h6 20.Be3 Be7 21.g3 b6 22.Bd4 Kb7
23.a3 a5 24.Rd3 Rhd8 25.Rcd1 a4 26.Nc1 Rc8 27.Rf3 Bc5 28.Bxc5 Rxc5 29.Nd3 Rc4
30.Rd2 g5 31.h3 h5 32.Nb4 Re4+ 33.Re3 Rxe3+ 34.fxe3 b5 35.Nxd5 exd5 36.Kd3 Kb6
37.Kd4 b4 38.Rc2 b3 39.Rc8 Kb5 40.Rb8+ Ka5 41.Rc8 Kb5 42.h4 g4 43.Rb8+ Ka5
44.Rh8 Kb5 45.Rh7 Rc7 46.Kxd5 Rd7+ 47.Ke4 f5+ 48.exf6 Rxh7 49.Kf5 Rc7 50.Kg6 Kc4
51.f7 Rxf7 52.Kxf7 Kd3 53.Kg6 Kc2 54.Kxh5 Kxb2 55.Kxg4 Kxa3 56.h5 b2 57.h6 b1=Q  0-1

[Event "Hamburg-chI"]
[Site "Hamburg"]
[Date "1998.05.30"]
[Round "2"]
[White "Engelbert, Christoph"]
[Black "Heinemann, Thies"]
[Result "0-1"]
[WhiteElo "2250"]
[BlackElo "2450"]

1.e4 c5 2.c3 Nf6 3.e5 Nd5 4.d4 cxd4 5.cxd4 e6 6.Nf3 b6 7.Bc4 Bb7 8.O-O Be7
9.Bxd5 Bxd5 10.Nc3 Bb7 11.d5 exd5 12.Nxd5 O-O 13.Bf4 Na6 14.Qd2 Nc5 15.Rfd1 Bc6
16.Nxe7+ Qxe7 17.Nd4 Bb7 18.Nb3 Nxb3 19.axb3 Bc6 20.Qd4 Qe6 21.Rd3 Rfe8 22.h3 Qf5
23.Bg3 h6 24.Re3 Re6 25.b4 a6 26.Rea3 b5 27.Kh2 Rg6 28.Rxa6 Rxa6 29.Rxa6 Bxg2
30.Kxg2 Rxa6 31.Qd5 Qe6 32.Qxb5 Qc6+ 33.Qxc6 dxc6 34.Bf4 Kh7 35.Bd2 Kg6 36.Bc3 Ra8
37.Kf3 Kf5 38.Ke3 Rd8 39.Bd4 g5 40.Kd3 Kf4 41.Kc4 Rd5 42.Bc5 Kxe5 43.b5 cxb5+
44.Kxb5 Rd3 45.b4 Kd5  0-1

[Event "Garcia mem Masters"]
[Site "Santa Clara"]
[Date "1998.05.30"]
[Round "6"]
[White "Perez, Luis Manuel"]
[Black "Teran Alvarez, Ismael"]
[Result "0-1"]
[WhiteElo "2310"]
[BlackElo "2375"]

1.e4 c5 2.c3 Nf6 3.e5 Nd5 4.d4 cxd4 5.Nf3 e6 6.cxd4 b6 7.Bd3 Be7 8.Nc3 Nxc3
9.bxc3 Ba6 10.Be4 Nc6 11.h4 Qc7 12.Rh3 h6 13.Rg3 g5 14.Nd2 O-O-O 15.Qa4 Na5
16.Rf3 g4 17.Rxf7 Qxc3 18.Qc2 Qxc2 19.Bxc2 Bb4 20.Rb1 Bc3 21.Rf4 h5 22.Bb2 Bxd2+
23.Kxd2 Rdf8 24.Rxf8+ Rxf8 25.Ke1 g3 26.f3 Rf4 27.Kd2 Rxh4 28.Kc3 Nc4 29.Be4 Rh2
30.Rg1 Na5 31.Bc1 h4 32.Bf4 Bc4 33.Bg6 Bd5 34.Bh5 Bxa2 35.Bg4 Bd5 36.Bg5 Nc6
37.Bh3 Bxf3 38.Bxh4 Bxg2 39.Bxg2 Rxh4 40.Bxc6 dxc6 41.Rxg3 Rh6 42.Rg7 a5
43.Kc4 a4 44.Re7 Rg6 45.Kb4 Rg4 46.Rxe6 Rxd4+ 47.Kc3 Kd7 48.Rh6 Re4 49.Rd6+ Kc7
50.Re6 b5  0-1

[Event "Warsaw-ch"]
[Site "Warsaw"]
[Date "1998.05.31"]
[Round "9"]
[White "Krysztofiak, Marcin"]
[Black "Kosiorek, Marek"]
[Result "0-1"]
[WhiteElo "2050"]
[BlackElo "2360"]

1.e4 c5 2.c3 Nf6 3.e5 Nd5 4.d4 cxd4 5.Qxd4 e6 6.Nf3 Nc6 7.Qe4 d6 8.exd6 Bxd6
9.Bc4 Nf6 10.Qe2 O-O 11.Bg5 Qc7 12.Bxf6 gxf6 13.Nbd2 f5 14.O-O-O Be7 15.h4 Kh8
16.Ng5 Qe5 17.Qh5 Qg7 18.Ndf3 Rb8 19.Rh3 b5 20.Bb3 Qg6 21.Qxg6 hxg6 22.h5 Bxg5+
23.Nxg5 gxh5 24.Rxh5+ Kg7 25.Rdh1 Ne5 26.Bc2 Ng6 27.g3 Bb7 28.R1h2 Bd5 29.Bb3 Bxb3
30.axb3 Rbc8 31.f4 Rce8 32.Rd2 Re7 33.Nf3 Rc8 34.b4 Rec7 35.Nd4 a6 36.Rh1 Rc4
37.Kb1 Ne7 38.Rh5 Kf6 39.Rh6+ Ng6 40.Rh5 Rd8 41.Rf2 Rg8 42.Rd2 Rd8 43.Rf2 Rd5
44.Rf1 Kg7 45.Rg5 Kf6 46.Rh5 Ne7 47.Rh6+ Kg7 48.Rfh1 Ng6 49.R6h5 Kf8 50.Rg5 Ke7
51.Rh7 Kf6 52.Rhh5 Rc8 53.Rh1 Rdd8 54.Rgh5 Rg8 55.Rg5 Rh8 56.Rgh5 Rxh5 57.Rxh5 Ne7
58.Nf3 Kg6 59.Rh1 Rd8 60.Ne5+ Kg7 61.Kc2 Nd5 62.Kb3 Nf6 63.Kc2 Ne4 64.Rh2 f6
65.Nc6 Re8 66.Nd4 Kg6 67.Rg2 e5 68.Nf3 Kh5 69.Nd2 Kg4 70.fxe5 fxe5 71.Rg1 Nxg3
72.b3 e4 73.Nf1 f4 74.c4 Kf3 75.Nxg3 fxg3 76.Rf1+ Ke2 77.Rd1 e3  0-1

[Event "Garcia mem Masters"]
[Site "Santa Clara"]
[Date "1998.06.02"]
[Round "8"]
[White "Perez, Luis Manuel"]
[Black "Andonovski, Ljubisa"]
[Result "1-0"]
[WhiteElo "2310"]
[BlackElo "2395"]

1.e4 c5 2.c3 Nf6 3.e5 Nd5 4.d4 cxd4 5.Nf3 d6 6.Qxd4 e6 7.Nbd2 Nc6 8.Bb5 Bd7
9.Bxc6 Bxc6 10.Nc4 dxe5 11.Ncxe5 f6 12.Nxc6 bxc6 13.O-O e5 14.Qe4 Be7 15.c4 Nb4
16.a3 Qd3 17.Qg4 Nc2 18.Qxg7 Kd7 19.Nxe5+ fxe5 20.Bg5 Qd6 21.Rad1 Nd4 22.Rfe1 Rhg8
23.Qxe7+ Qxe7 24.Bxe7 Ke8 25.Kf1 Nf3 26.gxf3 Kxe7 27.Rxe5+  1-0

[Event "Hamburg-chI"]
[Site "Hamburg"]
[Date "1998.06.04"]
[Round "7"]
[White "Rakow, Thorben"]
[Black "Meyer, Falko"]
[Result "0-1"]
[WhiteElo "2070"]
[BlackElo "2330"]

1.e4 c5 2.c3 Nf6 3.e5 Nd5 4.Nf3 Nc6 5.g3 d6 6.exd6 exd6 7.Bg2 Qe7+ 8.Qe2 Bf5
9.Nh4 Qxe2+ 10.Kxe2 Bg4+ 11.f3 Be6 12.f4 Nde7 13.d3 O-O-O 14.Be3 g6 15.Na3 Bg7
16.Kd2 Rhe8 17.Rhe1 h6 18.Nc2 Bf6 19.Nf3 Nd5 20.Bf2 Kc7 21.Ne3 b5 22.Kc2 b4
23.Nxd5+ Bxd5 24.a3 Rxe1 25.Nxe1 b3+ 26.Kd2 Ne7 27.Bxd5 Nxd5 28.Nf3 Kc6 29.d4 c4
30.Re1 Nb6 31.g4 Kd7 32.Bh4 Bxh4 33.Nxh4 Nd5 34.Ng2 f5 35.gxf5 gxf5 36.Ne3 Nxe3
37.Rxe3 Rg8 38.Re2 Rg4 39.Ke3 Kc6 40.Kf3 Rg1 41.Re7 Rb1 42.Rxa7 Rxb2 43.Ra4 Rxh2
44.Rxc4+ Kd5 45.Rb4 Rh3+ 46.Ke2 Rxc3 47.a4 Ke4 48.a5 d5 49.Kd2 Rc2+ 50.Kd1 Ra2
51.Rxb3 Rxa5 52.Rb6 Ra1+ 53.Ke2 Ra2+ 54.Kf1 Rh2 55.Re6+ Kxd4 56.Re5 Rh5 57.Ke2 Kc4
58.Re8 Rh2+ 59.Kf3 d4 60.Rc8+ Kd3 61.Rc5 Rh5 62.Rd5 Kc3 63.Rc5+ Kd2 64.Ra5 d3
65.Ra2+ Kc3 66.Ra3+ Kc2 67.Ra5 d2 68.Rc5+ Kd3 69.Rd5+ Kc3 70.Kg2 Rh4 71.Rc5+ Kd4
72.Rc7 Rxf4 73.Rc2  0-1

[Event "Garcia mem Masters"]
[Site "Santa Clara"]
[Date "1998.06.05"]
[Round "10"]
[White "Perez, Luis Manuel"]
[Black "Rohl, Juan"]
[Result "1/2-1/2"]
[WhiteElo "2310"]
[BlackElo "2375"]

1.e4 c5 2.c3 Nf6 3.e5 Nd5 4.d4 cxd4 5.Nf3 e6 6.cxd4 d6 7.Nc3 Nxc3 8.bxc3 Qc7
9.Bd2 Nd7 10.exd6 Bxd6 11.Bd3 b6 12.O-O Bb7 13.Re1 O-O 14.h3 Bf4 15.Bxf4 Qxf4
16.Ne5 Nxe5 17.Rxe5 Rac8 18.Qe1 Rc7 19.a4 Rfc8 20.Ra3 g6 21.a5 Bd5 22.axb6 axb6
23.Bf1 Qf6 24.Qa1  1/2-1/2

[Event "Stockholm Elo"]
[Site "Stockholm"]
[Date "1998.06.12"]
[Round "7"]
[White "Gamback, Bjorn"]
[Black "Andersson, Mats"]
[Result "1/2-1/2"]
[WhiteElo "2240"]
[BlackElo "2320"]

1.e4 c5 2.c3 Nf6 3.e5 Nd5 4.d4 cxd4 5.Nf3 e6 6.cxd4 d6 7.a3 Bd7 8.Bd3 Bc6
9.O-O Nd7 10.b4 a6 11.Nbd2 Nf4 12.Be4 Rc8 13.Re1 dxe5 14.dxe5 Nb6 15.Qb3 Be7
16.Bxc6+ Rxc6 17.Ne4 Qd5 18.Qxd5 Nbxd5 19.Bxf4 Nxf4 20.g3 Nd5 21.Rac1 Rxc1
22.Rxc1 Kd7 23.Nfd2 a5 24.Nb3 axb4 25.axb4 Bxb4 26.Nbc5+ Ke7 27.Nxb7 f5 28.Ned6 Ra8
29.Rc8 Rxc8 30.Nxc8+ Kd7 31.Ncd6 Kc7 32.Kf1 Ne7 33.Ke2 Nc8 34.Ne8+ Kxb7 35.Nxg7 Kc6
36.Nxe6 Kd5 37.Nf4+ Kd4 38.h3 Be7 39.Nd3 Nb6 40.g4 fxg4 41.hxg4 Nc4 42.f4 Ke4
43.f5 Bh4 44.Nc5+ Kxe5 45.Kf3 Nd2+ 46.Ke2 Bg5 47.Nd3+ Kd4 48.Nf2 Nc4 49.Nh3 h6
50.Kf3 Ne5+ 51.Kg3 Ke3 52.Nf2 Bf4+ 53.Kg2 Ke2 54.Nh3 Bd2 55.Kg3 Bg5 56.Ng1+ Ke3
57.Nh3 Nd7 58.Nf2 Nf6 59.Nd1+ Kd2 60.Nf2 Ke2 61.Nh3 Ne4+ 62.Kg2 Ke3 63.Ng1 Kf4
64.Nh3+ Ke3 65.Ng1 Nf2 66.Kg3 Ne4+ 67.Kg2 Kf4  1/2-1/2

[Event "Budapest FS06 IM"]
[Site "Budapest"]
[Date "1998.06.16"]
[Round "11"]
[White "Petronijevic, Zoran"]
[Black "Jamrich, Gyorgy"]
[Result "0-1"]
[WhiteElo "2375"]
[BlackElo "2275"]

1.e4 c5 2.c3 Nf6 3.e5 Nd5 4.d4 cxd4 5.Nf3 Nc6 6.Bc4 Nb6 7.Bb3 d5 8.exd6 Qxd6
9.O-O Be6 10.Na3 dxc3 11.Qe2 Bxb3 12.axb3 O-O-O 13.bxc3 Qd3 14.Qb2 g6 15.c4 Rg8
16.Ne5 Qe4 17.Nxc6 bxc6 18.Qa2 Bg7 19.Rb1 Rd7 20.Nc2 Bc3 21.Ne3 f5 22.c5 Na8
23.b4 Rgd8 24.b5 Rb7 25.f3 Qe5 26.bxc6 Rxb1 27.Qxb1 Qb8 28.Qa2 Nc7 29.Rd1 Bd4
30.Kh1 Qb5 31.Nc4 Bxc5 32.Rxd8+ Kxd8 33.Bf4 Qb4 34.Bd2 Qb5 35.h4 Qxc6 36.Na5 Qb6
37.Bf4 Ne6 38.Be5 Ke8 39.Nc4 Qb4 40.Kh2 Qe1 41.Kh3 f4  0-1

[Event "Keres mem op"]
[Site "Tallin"]
[Date "1998.06.17"]
[Round "4"]
[White "Vorobjov, Pavel"]
[Black "Peleshev, Leonid"]
[Result "1/2-1/2"]
[WhiteElo "2110"]
[BlackElo "2320"]

1.e4 c5 2.c3 Nf6 3.e5 Nd5 4.d4 cxd4 5.Nf3 Nc6 6.Bc4 Nb6 7.Bb3 d6 8.exd6 Qxd6
9.O-O Be6 10.Bxe6 Qxe6 11.Nxd4 Nxd4 12.Qxd4 Rd8 13.Qh4 Qe2 14.Be3 Qxb2 15.Nd2 Rxd2
16.Rab1 Qc2 17.Bxd2 Qxd2 18.Rfd1 Qxa2 19.Qh5 Qe6 20.Qa5 f6 21.Qxa7 Nc8 22.Qxb7 Nd6
23.Qa8+ Kf7 24.Rb8 g5 25.Rd8  1/2-1/2